<?xml version="1.0" encoding="UTF-8"?>
<record
    xmlns:xsi="http://www.w3.org/2001/XMLSchema-instance"
    xsi:schemaLocation="http://www.loc.gov/MARC21/slim http://www.loc.gov/standards/marcxml/schema/MARC21slim.xsd"
    xmlns="http://www.loc.gov/MARC21/slim">

  <leader>00793cam a22002411  4500</leader>
  <controlfield tag="001">ne 68000644 </controlfield>
  <controlfield tag="003">DLC</controlfield>
  <controlfield tag="005">20260227111838.0</controlfield>
  <controlfield tag="008">890514m19631967xx            000 0 ara  </controlfield>
  <datafield tag="010" ind1=" " ind2=" ">
    <subfield code="a">ne 68000644 </subfield>
  </datafield>
  <datafield tag="035" ind1=" " ind2=" ">
    <subfield code="a">(OCoLC)23499797</subfield>
  </datafield>
  <datafield tag="040" ind1=" " ind2=" ">
    <subfield code="a">DLC</subfield>
    <subfield code="c">MiU</subfield>
    <subfield code="d">DLC</subfield>
  </datafield>
  <datafield tag="050" ind1="0" ind2="0">
    <subfield code="a">BP135.A158</subfield>
    <subfield code="b">M82</subfield>
  </datafield>
  <datafield tag="100" ind1="1" ind2=" ">
    <subfield code="a">Mub&#x101;rakf&#x16B;r&#x12B;, Mu&#x1E25;ammad &#x2BB;Abd al-Ra&#x1E25;m&#x101;n ibn &#x2BB;Abd al-Ra&#x1E25;&#x12B;m,</subfield>
    <subfield code="d">1866 or 1867-1935.</subfield>
  </datafield>
  <datafield tag="245" ind1="0" ind2="0">
    <subfield code="a">Tu&#x1E25;fat al-a&#x1E25;wadh&#x12B;.</subfield>
  </datafield>
  <datafield tag="260" ind1=" " ind2=" ">
    <subfield code="c">[1963-67]</subfield>
  </datafield>
  <datafield tag="300" ind1=" " ind2=" ">
    <subfield code="a">10 v.</subfield>
    <subfield code="c">24 cm.</subfield>
  </datafield>
  <datafield tag="500" ind1=" " ind2=" ">
    <subfield code="a">Romanized.</subfield>
  </datafield>
  <datafield tag="650" ind1=" " ind2="0">
    <subfield code="a">Hadith</subfield>
    <subfield code="x">Criticism, interpretation, etc.</subfield>
  </datafield>
  <datafield tag="700" ind1="1" ind2=" ">
    <subfield code="a">Tirmidh&#x12B;, Mu&#x1E25;ammad ibn &#x2BB;&#x12A;s&#xE1;,</subfield>
    <subfield code="d">-892.</subfield>
    <subfield code="e">al-J&#x101;mi&#x2BB; al-&#x1E63;a&#x1E25;&#x12B;&#x1E25;.</subfield>
  </datafield>
  <datafield tag="700" ind1="2" ind2=" ">
    <subfield code="a">&#x2BB;Abd al-La&#x1E6D;&#x12B;f, &#x2BB;Abd al-Wahh&#x101;b.</subfield>
    <subfield code="e">ed.</subfield>
  </datafield>
  <datafield tag="700" ind1="1" ind2=" ">
    <subfield code="a">&#x2BB;Uthm&#x101;n, &#x2BB;Abd al-Ra&#x1E25;m&#x101;n Mu&#x1E25;ammad.</subfield>
    <subfield code="e">ed.</subfield>
  </datafield>
  <datafield tag="999" ind1=" " ind2=" ">
    <subfield code="c">50122</subfield>
    <subfield code="d">50122</subfield>
  </datafield>
</record>
